| 000 | 00000nam##2200000za#4500 |
| 001 | 9.607799 |
| 003 | CaOODSP |
| 005 | 20240612102646 |
| 007 | cr ||||||||||| |
| 008 | 150406|2006||||xxc|||||o f|0| 0 fre|d |
| 040 | |aCaOODSP|bfre |
| 043 | |an-cn--- |
| 086 | 1 |aRv55-5/11-4-2-2006F-PDF |
| 110 | 2 |aAgence des services frontaliers du Canada. |
| 245 | 10|aJustification de l'origine |h[ressource électronique] |
| 260 | |aOttawa - Ontario : |bAgence des services frontaliers du Canada |
| 300 | |a29p.|btableau |
| 490 | 1 |aMémorandums D des douanes. D11, Renseignements généraux sur le tarif |vD11-4-2, le 16 mars 2006 |
| 500 | |aCeci annule les Mémorandums « D » – D11-4-2 du 30 juin 1998. |
| 590 | |a14-17-Supp|b2014-10-09 |
| 775 | 08|tProof of origin |w(CaOODSP)9.580861 |
| 776 | 0#|tJustification de l'origine |w(CaOODSP)9.542881 |
| 776 | 0#|tProof of origin |w(CaOODSP)9.542880 |
| 830 | #0|aMémorandums D des douanes. D11, Renseignements généraux sur le tarif ;|vD11-4-2, le 16 mars 2006|w(CaOODSP)9.816826 |
| 856 | 40|ahttp://publications.gc.ca|qPDF|s1213 Ko|uhttps://publications.gc.ca/collections/collection_2014/asfc-cbsa/Rv55-5-11-4-2-2006-fra.pdf|yD11-4-2, le 16 mars 2006 |